<?xml version="1.0" encoding="UTF-8"?><?xml-stylesheet type="text/xsl" href="static/style.xsl"?><OAI-PMH xmlns="http://www.openarchives.org/OAI/2.0/" xmlns:xsi="http://www.w3.org/2001/XMLSchema-instance" xsi:schemaLocation="http://www.openarchives.org/OAI/2.0/ http://www.openarchives.org/OAI/2.0/OAI-PMH.xsd"><responseDate>2026-06-01T13:30:37Z</responseDate><request verb="GetRecord" identifier="oai:riuma.uma.es:10630/25652" metadataPrefix="marc">https://riuma.uma.es/rest/oai/request</request><GetRecord><record><header><identifier>oai:riuma.uma.es:10630/25652</identifier><datestamp>2026-02-03T12:24:58Z</datestamp><setSpec>com_10630_2254</setSpec><setSpec>col_10630_37959</setSpec></header><metadata><record xmlns="http://www.loc.gov/MARC21/slim" xmlns:dcterms="http://purl.org/dc/terms/" xmlns:doc="http://www.lyncode.com/xoai" xmlns:xsi="http://www.w3.org/2001/XMLSchema-instance" xsi:schemaLocation="http://www.loc.gov/MARC21/slim http://www.loc.gov/standards/marcxml/schema/MARC21slim.xsd">
   <leader>00925njm 22002777a 4500</leader>
   <datafield ind2=" " ind1=" " tag="042">
      <subfield code="a">dc</subfield>
   </datafield>
   <datafield ind2=" " ind1=" " tag="720">
      <subfield code="a">Domínguez-Maqueda, Marta</subfield>
      <subfield code="e">author</subfield>
   </datafield>
   <datafield ind2=" " ind1=" " tag="720">
      <subfield code="a">García-Márquez, Jorge</subfield>
      <subfield code="e">author</subfield>
   </datafield>
   <datafield ind2=" " ind1=" " tag="720">
      <subfield code="a">Alarcón López, Francisco Javier</subfield>
      <subfield code="e">author</subfield>
   </datafield>
   <datafield ind2=" " ind1=" " tag="720">
      <subfield code="a">Esteban-Abad, María Ángeles</subfield>
      <subfield code="e">author</subfield>
   </datafield>
   <datafield ind2=" " ind1=" " tag="720">
      <subfield code="a">Moriñigo-Gutiérrez, Miguel Ángel</subfield>
      <subfield code="e">author</subfield>
   </datafield>
   <datafield ind2=" " ind1=" " tag="720">
      <subfield code="a">Balebona-Accino, María del Carmen</subfield>
      <subfield code="e">author</subfield>
   </datafield>
   <datafield ind2=" " ind1=" " tag="260">
      <subfield code="c">2022</subfield>
   </datafield>
   <datafield ind2=" " ind1=" " tag="520">
      <subfield code="a">Los probióticos en acuicultura son conocidos por sus efectos beneficiosos sobre el tracto digestivo y el sistema inmune en peces cultivados. Sin embargo, debido a los inconvenientes que genera incluir un microorganismo vivo en el proceso de producción de alimentos, derivados de los probióticos están cobrando cada vez más interés, como el caso de los postbióticos. A partir del aislamiento y caracterización de potenciales bacterias autóctonas del intestino de especímenes de Sparus aurata alimentadas con una dieta rica en algas, se han seleccionado 4 cepas bacterianas: UMA 140, UMA 143, UMA 169 y UMA 216. El presente trabajo evalúa el potencial postbiótico de estas cepas sometidas a diferentes condiciones de cultivos enriquecidos con algas, analizando su capacidades hidrolíticas, antibacterianas y citotóxicas con el objetivo de seleccionar el mejor o los mejores postbióticos para incluir en alimentos acuícolas.</subfield>
   </datafield>
   <datafield ind1="8" ind2=" " tag="024">
      <subfield code="a">https://hdl.handle.net/10630/25652</subfield>
   </datafield>
   <datafield tag="653" ind2=" " ind1=" ">
      <subfield code="a">Acuicultura</subfield>
   </datafield>
   <datafield ind2="0" ind1="0" tag="245">
      <subfield code="a">Potencial postbiótico de productos extracelulares de bacterias probióticas aisladas del tracto gastrointestinal de dorada (Sparus aurata)</subfield>
   </datafield>
</record>
</metadata></record></GetRecord></OAI-PMH>